000 00816ngm a22002770a 4500
001 PT36174
003 AR-LpoUNG
005 20210202000500.0
007 vd cvaizq
008 191001s2008||||xxu|||||||||||||||||eng d
037 _c$65.25
040 _aAR-LpoUNG
_bspa
_cAR-LpoUNG
_eaacr
041 _aeng
044 _axxu
082 0 _a786.9 659sta
100 1 _aSmith, Steve
245 1 0 _aDrum legacy :
_bstanding on the shoulders of giants
260 _as.l. :
_bHudson Music,
_c2008.
300 _a2 DVD (300 min.) + 1 Cd-Rom + 1 guía impresa
505 0 _aIncluye una guía impresa de 39 páginas con pentagramas y fotos, el cd se presenta como un bonus que contiene 7 temas musicales.
653 _aCLINICAS DE BATERIA
653 _aMUSICA
653 _aVIDEOS
905 _a36174
942 _cDVD
999 _c54935
_d54935